000 00562nam a2200193Ia 4500
003 OSt
005 20240412095750.0
008 210210b1957 xxu||||| |||| 00| 0 eng d
040 _cAL
041 _akan
082 _a859/1556
100 _aRAMAMOLEYARA VISHVAMITRA
_9155882
_dರಾಮಮೊಳೆಯಾರ ವಿಶ್ವಾಮಿತ್ರ
245 _aSiddharama
_bಸಿದ್ಧರಾಮ
260 _aMangaluru
_bViveka Sahityamale
_c1957
650 _aSiddharAma
_9155883
690 _aKannada Fiction
_9155884
906 _a022284
942 _2ddc
_cBK
999 _c146437
_d146437